Informačný systém pre verejné projekcie filmov

Uložené v:
Podrobná bibliografia
Hlavný autor: Madarász, Tomáš (Autor)
Ďalší autori: Střelec, Peter (Vedúci práce)
Médium: Rukopis Kniha
Jazyk:Slovak
Vydavateľské údaje: 2021
Predmet:
On-line prístup:http://is.stuba.sk/zp/portal_zp.pl?podrobnosti=165714
Tagy: Pridať tag
Žiadne tagy, Buďte prvý, kto otaguje tento záznam!

MARC

LEADER 00000ntm a22000003a 4500
001 stuzp84741
003 SK-STU
005 20210703212724.6
007 ta
008 150427s2015----xo-----f-mn---000-0-slo-d
040 |a STU  |b slo 
041 0 |a slo 
100 1 |a Madarász, Tomáš  |u 066000  |4 aut  |U MTF Materiálovotechnologická fakulta  |T MTF Ústav aplikovanej informatiky, automatizácie a mechatroniky  |X 92287  |U M6000  |Y 86  |7 92287 
242 0 1 |a Information system for public screening of movies  |y eng 
245 1 0 |a Informačný systém pre verejné projekcie filmov 
260 |c 2021 
650 4 |a PHP  |2 slo 
650 4 |a MySQL  |2 slo 
650 4 |a film  |2 slo 
650 4 |a informačný systém  |2 slo 
650 4 |a information system  |2 eng 
650 4 |a PHP  |2 eng 
650 4 |a MySQL  |2 eng 
650 4 |a movie  |2 eng 
700 1 |a Střelec, Peter  |u 066000  |k Z3  |4 ths  |U MTF Materiálovotechnologická fakulta  |T MTF Ústav aplikovanej informatiky, automatizácie a mechatroniky  |X 14705  |U M6000  |Y 86  |7 14705 
856 4 |u http://is.stuba.sk/zp/portal_zp.pl?podrobnosti=165714 
996 |c M* BP-9132  |l MMSKP  |s P  |a 0  |w stuzp84741_0001